Minister's handbook : (Record no. 8190)
[ view plain ]
| 000 -LEADER | |
|---|---|
| fixed length control field | 00707nam a22002052 4500 |
| 001 - CONTROL NUMBER | |
| control field | 0000012146 |
| 005 - DATE AND TIME OF LATEST TRANSACTION | |
| control field | 20151217152107.0 |
| 008 - FIXED-LENGTH DATA ELEMENTS--GENERAL INFORMATION | |
| fixed length control field | 090209s xx 000 0 eng d |
| 040 ## - CATALOGING SOURCE | |
| Original cataloging agency | KABU |
| Transcribing agency | KABU |
| 100 1# - MAIN ENTRY--PERSONAL NAME | |
| Personal name | Chelule, Fredrick K. |
| -- | 0000168351 |
| 245 10 - TITLE STATEMENT | |
| Title | Minister's handbook : |
| Remainder of title | what every minister of the word of God should know about the mission field / |
| Statement of responsibility, etc. | Fredrick K. Chelule & Esther C. Chelule. |
| 250 ## - EDITION STATEMENT | |
| Edition statement | 1st ed. |
| 260 ## - PUBLICATION, DISTRIBUTION, ETC. (IMPRINT) | |
| Place of publication, distribution, etc. | Nairobi : |
| Name of publisher, distributor, etc. | Chelule, |
| Date of publication, distribution, etc. | 2001. |
| 300 ## - PHYSICAL DESCRIPTION | |
| Extent | x, 56 p. |
| 650 #0 - SUBJECT ADDED ENTRY--TOPICAL TERM | |
| Topical term or geographic name as entry element | Missions |
| General subdivision | Handbooks, manuals, etc. |
| -- | 0000168352 |
| 700 1# - ADDED ENTRY--PERSONAL NAME | |
| Personal name | Chelule, Esther C. |
| -- | 0000168353 |
| 852 1# - LOCATION | |
| -- | p200 KES |
| 908 ## - PUT COMMAND PARAMETER (RLIN) | |
| Put command parameter | 090209 |
| 950 ## - LOCAL HOLDINGS (RLIN) | |
| -- | 1 |
| Withdrawn status | Lost status | Source of classification or shelving scheme | Not for loan | Home library | Current library | Date acquired | Total Checkouts | Full call number | Barcode | Date last seen | Price effective from | Koha item type |
|---|---|---|---|---|---|---|---|---|---|---|---|---|
| Library of Congress Classification | Kabarak, Main Campus | Kabarak, Main Campus | 17/12/2015 | BV2061 .C44 2001 c. 1 | 16522 | 02/08/2024 | 17/12/2015 | General Collection |